Desarrollo humano (Registro nro. 28854)
[ vista simple ]
| 000 -CABECERA | |
|---|---|
| Longitud fija campo de control | 00820nam a2200253 b 4500 |
| 003 - IDENTIFICADOR DELl NÚMERO DE CONTROL | |
| Identificador del número de control | OSt |
| 005 - FECHA Y HORA DE LA ÚLTIMA TRANSACCIÓN | |
| Fecha y hora de la última transacción | 20180126105659.0 |
| 008 - CÓDIGOS DE INFORMACIÓN DE LONGITUD FIJA | |
| Códigos de información de longitud fija | 020226s2001 col spa |
| 020 ## - NÚMERO INTERNACIONAL NORMALIZADO PARA LIBROS | |
| Número Internacional Normalizado para Libros (ISBN) | 978-607-15-0933-8 |
| 040 ## - FUENTE DE LA CATALOGACIÓN | |
| Centro transcriptor | BCRI |
| 082 ## - NÚMERO DE LA CLASIFICACIÓN DECIMAL DEWEY | |
| Númeroo de clasificación | 612.6 |
| 100 ## - PUNTO DE ACCESO PRINCIPAL-NOMBRE DE PERSONA | |
| Nombre de persona | Papalia, Diane E. |
| 9 (RLIN) | 8167 |
| 245 10 - MENCIÓN DE TÍTULO | |
| Título | Desarrollo humano |
| Mención de responsabilidad, etc. | Diane E. Papalia, Ruth Duskin Feldman. Gabriela Martorell |
| 250 ## - MENCIÓN DE EDICIÓN | |
| Mención de edición | 12ª ed |
| 260 ## - PUBLICACIÓN, DISTRIBUCIÓN, ETC. (PIE DE IMPRENTA) | |
| Lugar de publicación, distribución, etc. | Mexico [etc.] |
| Nombre del editor, distribuidor, etc. | McGraw-Hill |
| Fecha de publicación, distribución, etc. | 2012 |
| 300 ## - DESCRIPCIÓN FÍSICA | |
| Extensión | XXI, 625, G-12, C-3, I-45 p. |
| Otras características físicas | il. |
| Dimensiones | 27 cm |
| 500 ## - NOTA GENERAL | |
| Nota general | Incluye índice |
| 504 ## - NOTA DE BIBLIOGRAFÍA, ETC | |
| Nota de bibliografía, etc. | Incluye referencias bibliográficas |
| 594 ## - NOTA AL TÍTULO Y MENCIÓN DE RESPONSABIBLIDAD | |
| Nota Al Título Y Mención De Responsabilidad | Traducción de la 12ª ed. en inglés de: Human development |
| 650 24 - PUNTO DE ACCESO ADICIONAL DE MATERIA - TÉRMINO DE MATERIA | |
| 9 (RLIN) | 8157 |
| Término de materia o nombre geográfico como elemento inicial | Crecimiento humano |
| 700 1# - PUNTO DE ACCESO ADICIONAL - NOMBRE DE PERSONA | |
| Nombre de persona | Feldman, Ruth Duskin |
| 9 (RLIN) | 8169 |
| 700 ## - PUNTO DE ACCESO ADICIONAL - NOMBRE DE PERSONA | |
| 9 (RLIN) | 42134 |
| Nombre de persona | Martorell, Gabriela |
| 942 ## - ENTRADA DE ELEMENTOS AGREGADOS (KOHA) | |
| Fuente de clasificaión o esquema | Dewey Decimal Classification |
| Koha [por defecto] tipo de item | 1- Monografias |
| Parte de clasificación | prozim |
| Suprimido | Perdido | Fuente de clasificación o esquema | Estropeado | Restricciones de uso | No para préstamo | Código de colección | Localización permanente | Localización actual | Localización en estanter&íacute;as | Fecha adquisición | Fuente de adquisición | Coste, precio normal de compra | Número de inventario | Préstamos totales | Signatura completa | Código de barras | Fecha última consulta | Fecha último préstamo | Fecha del precio de reemplazo | Tipo de item de Koha |
|---|---|---|---|---|---|---|---|---|---|---|---|---|---|---|---|---|---|---|---|---|
| NULL | NULL | Dewey Decimal Classification | NULL | Prestable | NULL | NULL | Biblioteca Centro Regional de Ilobasco | Biblioteca Centro Regional de Ilobasco | Sala Principal | 05/01/2018 | CRI | 34.97 | LI003783 | 4 | 612.6 PAP des | 1043252 | 20/03/2025 | 20/03/2025 | 22/01/2018 | 1- Monografias |
| NULL | NULL | Dewey Decimal Classification | NULL | Prestable | NULL | NULL | Biblioteca Centro Regional de Ilobasco | Biblioteca Centro Regional de Ilobasco | Sala Principal | 05/01/2018 | CRI | 34.97 | LI003784 | 3 | 612.6 PAP des | 1043253 | 08/03/2025 | 06/03/2025 | 22/01/2018 | 1- Monografias |
| NULL | NULL | Dewey Decimal Classification | NULL | Prestable | NULL | NULL | Biblioteca Centro Regional de Ilobasco | Biblioteca Centro Regional de Ilobasco | Sala Principal | 05/01/2018 | CRI | 34.97 | LI003847 | 2 | 612.6 PAP des | 1043316 | 10/09/2024 | 10/09/2024 | 26/01/2018 | 1- Monografias |